000
00173nam a2200073Ia 4500
008
170524s9999 xx 000 0 und d
100
_a
SINHAL- A.K
245
0
_a
COMPANY ACCOUNTS
260
_b
New Delhi : JBC
999
_c
8543
_d
8543